Word Ladder: Two-Word Terms Loop Quiz Stats

 Plays Quiz Updated Dec 4, 2016

Challenge
Share
Tweet
Embed
Score 0/32 Timer 04:00
2 Plays Today
Clue 4-Letter Rung % Correct
Tramp's love, in an animated film
[Rung 1] [Rung 7]: White House's Johnson
• LADY •
94.7%
Kennel soundBARK
93.7%
Tropical treePALM
90.4%
NilNONE
90.3%
Component of the skeletal systemBONE
90.1%
Shakespeare, for oneBARD
90%
DiscoverFIND
89.7%
Celtic great Larry
[Rung 7] [Rung 12]: Tweet or quack, e.g.
• BIRD •
88.7%
Love potion's number
[Rung 23] [Rung 32]: Short-range golf club
• NINE •
88.6%
Levelheaded or tranquilCALM
87.8%
Better than goodFINE
87.1%
Whimsical or carefree adventureLARK
87%
Be withoutLACK
86.2%
Full of frillsLACY
86.1%
EdiblesFOOD
85.6%
Feature of both fish and mushroomsGILL
84.8%
Clue 4-Letter Rung % Correct
Like some farewellsFOND
84.1%
Place for a pat
[Rung 18] [Rung 23]: Holes 10-18, in golf
• BACK •
83.8%
Young missGIRL
83.6%
Poker declaration
[Rung 12] [Rung 18]: Result of a successful audition
• CALL •
83.2%
Horse's gaitTROT
83.2%
AudacityGALL
81.8%
Trumpet soundTOOT
81.1%
Smoker's purchasePACK
79.8%
1982 Disney sci-fi movieTRON
78.8%
Surround; encircleGIRD
78.5%
Pick up, as a billFOOT
78.2%
Source of miseryBANE
77.2%
Do a laundry chore
[Rung 32] [Rung 1]: Thatcher nickname
• IRON •
75.5%
Cheese on veal or chicken, brieflyPARM
74.7%
Billiards shotBANK
74.4%
Central, for onePARK
71.9%

Today's Daily Dose

You're not logged in!

Compare scores with friends on all Sporcle quizzes.
Join for Free
OR
Log In

You Might Also Like...

Show Comments

Extras

Top Quizzes Today


Score Distribution

Your Account Isn't Verified!

In order to create a playlist on Sporcle, you need to verify the email address you used during registration. Go to your Sporcle Settings to finish the process.

Report this User

Report this user for behavior that violates our Community Guidelines.

Details: